000 00667nam a2200253Ia 4500
003 OSt
005 20220924131749.0
006 a|||||r|||| 00| 0
007 ta
008 220923b |||||||| |||| 00| 0 urd d
020 _c2.8
024 _a256523
037 _cTextual
040 _aARTS
_cARTS
_burd
041 _2urd
_aurd
082 _aO168,3NRA4x, H9
100 _aRam Lal Au.
_9178526
245 0 _aInqlab aane tak
260 _aVaransi
_bInternational publishers India
_c1949
300 _a208p.
_ccm.
650 _aURDU FICTION
_93298
942 _hO168,3NRA4x, H9
_cTEXL
_2CC
999 _c428117
_d428117